| Tag |
First Indicator |
Second Indicator |
Subfields |
| LEADER |
00000cam a2200000 i 4500 |
| 001 |
in00000345511 |
| 005 |
20151011054644.0 |
| 008 |
760410s1975 enk b 00110deng |
| 010 |
|
|
|a 75332676
|
| 015 |
|
|
|a GB***
|
| 020 |
|
|
|a 0064907007 (Barnes & Noble) :
|c $16.50 (U.S.)
|
| 035 |
|
|
|a (OCoLC)01914120
|
| 035 |
|
|
|9 ABM0855AM
|
| 040 |
|
|
|a DLC
|c DLC
|d TXA
|d UtOrBLW
|
| 049 |
|
|
|a TXAM
|c [1554064]
|
| 050 |
0 |
0 |
|a BX2820
|b .B76 1975
|
| 082 |
0 |
|
|a 255/.3
|
| 090 |
|
|
|a BX2820
|b .B76
|
| 100 |
1 |
|
|a Brooke, Rosalind B.
|
| 245 |
1 |
4 |
|a The coming of the friars /
|c Rosalind B. Brooke.
|
| 264 |
|
1 |
|a London :
|b G. Allen & Unwin ;
|a New York :
|b Barnes & Noble,
|c 1975.
|
| 300 |
|
|
|a 224 pages ;
|c 23 cm.
|
| 336 |
|
|
|a text
|b txt
|2 rdacontent
|
| 337 |
|
|
|a unmediated
|b n
|2 rdamedia
|
| 338 |
|
|
|a volume
|b nc
|2 rdacarrier
|
| 490 |
1 |
|
|a Historical problems : Studies and documents ;
|v 24
|
| 504 |
|
|
|a Includes bibliographical references and index.
|
| 650 |
|
0 |
|a Friars
|x History
|x Sources.
|
| 830 |
|
0 |
|a Historical problems: studies and documents ;
|v 24.
|
| 999 |
|
|
|a MARS
|
| 999 |
f |
f |
|s 0b7c6a0d-8aa3-396f-bf85-8cff2900e85d
|i fc4d6c3c-32a2-32ae-8f4a-96c907a72500
|t 0
|
| 952 |
f |
f |
|p normal
|a Texas A&M University
|b College Station
|c Sterling C. Evans Library
|d Evans: Library Stacks
|t 0
|e BX2820 .B76
|h Library of Congress classification
|i unmediated -- volume
|m A14801816998
|
| 998 |
f |
f |
|a BX2820 .B76
|t 0
|l Evans: Library Stacks
|